000 00554nam a2200193Ia 4500
005 20250508165118.0
008 008 250505s9999 xx 000 0 hin d
037 _aDissertations
040 _aFEDL
_beng
_cFEDL
041 _ahin
_2eng
084 _a372.6, GUP/DI
_qFEDL
100 _aGupta Sumiti
_9779919
245 0 _aPratibhashali baalako ki bhashaye vishestao ka adhyyan
260 _c2011
300 _a116p.
546 _aM. Ed. Dissertation, (Delhi University)
942 _cDIS
_h372.6, GUP/DI
999 _c1393238
_d1393238